| 000 | 00660nam a22002057a 4500 | ||
|---|---|---|---|
| 005 | 20220223094835.0 | ||
| 008 | 220223b ||||| |||| 00| 0 eng d | ||
| 020 | _a978939166793 | ||
| 040 | _cAL | ||
| 041 | _aEnglish | ||
| 082 |
_223 _a820.9 _bLONE |
||
| 100 |
_aWilliam J Long _921570 |
||
| 245 |
_aEnglish Literature _bIts History and its Significance for the Life of the English Speaking World |
||
| 260 |
_aNew Delhi _bGlobal Net Publication _c2022 |
||
| 300 |
_a608 p. _bPB _c21x13.5 cm. |
||
| 365 |
_a6001 _b₹239.20 _c₹ _d₹299.00 _e20% _f22-02-2022 |
||
| 650 |
_aEnglish Literature _921571 |
||
| 700 |
_aLONG (William J) _921572 |
||
| 942 |
_2ddc _cBK |
||
| 999 |
_c221581 _d221581 |
||